000 00275nam a2200109Ia 4500
008 220204s9999 xx 000 0 und d
082 _a929 A/Z (CAR)
_bPUD
100 _aJohn
245 0 _aLewis Carroll and his world
260 _aLondon
_bThames and Hudson
_c1976
942 _cBK
999 _c34488
_d34488